[Event "Bayernliga 1213 U20"]
[Site "Bayern"]
[Date "2013.01.19"]
[Round "4.4"]
[White "Zwetz, Jasmin"]
[Black "Rabenstein, Stefan"]
[Result "1-0"]
[WhiteElo "1756"]
[BlackElo "1754"]
[PlyCount "83"]
[EventDate "2012.10.20"]
[EventType "team-tourn"]
[EventRounds "7"]
[EventCountry "GER"]
[SourceTitle "EXT 2020"]
[Source "ChessBase"]
[SourceDate "2019.10.17"]
[SourceVersion "1"]
[SourceVersionDate "2019.10.17"]
[SourceQuality "1"]
[WhiteTeam "Kareth Lappersdorf U20"]
[BlackTeam "Erlangen SC U20"]
[WhiteTeamCountry "GER"]
[BlackTeamCountry "GER"]

1. e4 e6 2. d4 d5 3. exd5 exd5 4. Bd3 Bd6 5. c3 Ne7 6. Nf3 Bf5 7. 0-0 0-0 8. Bxf5 Nxf5 9. Qd3 Ne7 10. Ng5 Ng6 11. f4 f6 12. Ne6 Qd7 13. Nxf8 Kxf8 14. b3 Nc6 15. Ba3 Re8 16. f5 Nh8 17. Bxd6+ Qxd6 18. Nd2 Nf7 19. Rae1 Ne7 20. a4 Qd7 21. Qh3 Ng5 22. Qh5 h6 23. h4 Nf7 24. Qf3 Nd6 25. g4 c6 26. Qd3 Kf7 27. c4 Rh8 28. c5 Ndc8 29. b4 Rd8 30. Qe3 Kf8 31. Qf4 Kf7 32. g5 Ng8 33. Rf2 Kf8 34. Rfe2 Kf7 35. Qg4 Nce7 36. Re6 Qc7 37. R1e2 Kf8 38. Nb3 Rd7 39. Rg2 Kf7 40. gxf6 gxf6 41. Qg7+ Ke8 42. Qxg8# 1-0

[Event "Bayernliga 1213 U20"]
[Site "Bayern"]
[Date "2012.10.20"]
[Round "1.3"]
[White "Kellner, Christian"]
[Black "Zwetz, Jasmin"]
[Result "0-1"]
[WhiteElo "1627"]
[BlackElo "1756"]
[PlyCount "66"]
[EventDate "2012.10.20"]
[EventType "team-tourn"]
[EventRounds "7"]
[EventCountry "GER"]
[SourceTitle "EXT 2020"]
[Source "ChessBase"]
[SourceDate "2019.10.17"]
[SourceVersion "1"]
[SourceVersionDate "2019.10.17"]
[SourceQuality "1"]
[WhiteTeam "Kelheim SK U20"]
[BlackTeam "Kareth Lappersdorf U20"]
[WhiteTeamCountry "GER"]
[BlackTeamCountry "GER"]

1. c4 e6 2. Nc3 d5 3. e3 Nf6 4. Nf3 b6 5. b4 c5 6. b5 d4 7. Ne2 Bb7 8. Nf4 Bd6 9. d3 e5 10. Nh3 0-0 11. e4 h6 12. Be2 Bc8 13. Bd2 Kh7 14. Qc1 Rg8 15. Nfg5+ hxg5 16. Nxg5+ Kg6 17. h4 Rh8 18. Qd1 Ng8 19. Bg4 Nh6 20. Bh5+ Kf6 21. Qf3+ Ke7 22. Nxf7 Qf8 23. Nxh8 Qxh8 24. Rg1 Be6 25. Bg5+ Kd7 26. g4 Kc7 27. Bxh6 gxh6 28. g5 hxg5 29. Rxg5 Nd7 30. Ke2 Be7 31. Rg3 Bxh4 32. Rg2 Rf8 33. Bf7 Rxf7 0-1

[Event "Landesliga U20 Sued 1112"]
[Site "Bayern"]
[Date "2011.11.12"]
[Round "1.3"]
[White "Auer, Christoph"]
[Black "Zwetz, Jasmin"]
[Result "0-1"]
[WhiteElo "1084"]
[BlackElo "1577"]
[PlyCount "58"]
[EventDate "2011.11.12"]
[EventType "team-tourn"]
[EventRounds "7"]
[EventCountry "GER"]
[SourceTitle "EXT 2022"]
[Source "ChessBase"]
[SourceDate "2021.10.06"]
[SourceVersion "1"]
[SourceVersionDate "2021.10.06"]
[SourceQuality "1"]
[WhiteTeam "Ortenburg U20"]
[BlackTeam "Kareth Lappersdorf U20"]
[WhiteTeamCountry "GER"]
[BlackTeamCountry "GER"]

1. e4 e6 2. Nf3 d5 3. exd5 exd5 4. d4 Bd6 5. Nc3 c6 6. Bd3 Be6 7. Be3 Nd7 8. Ng5 Ngf6 9. h3 Qc7 10. Qf3 0-0-0 11. 0-0-0 h6 12. Nxe6 fxe6 13. Bg6 Rhf8 14. g3 Ne4 15. Qg2 Nxc3 16. bxc3 Ba3+ 17. Kd2 Qa5 18. Rb1 Nb6 19. Rb3 Nc4+ 20. Ke2 Bb2 21. Kd3 Qxa2 22. Bc1 e5 23. dxe5 Nxe5+ 24. Kd4 Bxc1 25. Rxc1 Nxg6 26. Qf1 Rde8 27. Ra1 Qxc2 28. Qb1 Re4+ 29. Kc5 Qxf2+ 0-1

[Event "GER-chT U16"]
[Site "Naumburg"]
[Date "2010.12.29"]
[Round "6.3"]
[White "Weissenburg, Isabel"]
[Black "Zwetz, Jasmin"]
[Result "1-0"]
[WhiteElo "1575"]
[BlackElo "1569"]
[PlyCount "51"]
[EventDate "2010.12.27"]
[EventType "team-swiss"]
[EventRounds "7"]
[EventCountry "GER"]
[SourceTitle "CBM 140 Extra"]
[Source "ChessBase"]
[SourceDate "2011.03.01"]
[SourceVersion "1"]
[SourceVersionDate "2011.03.01"]
[SourceQuality "1"]
[WhiteTeam "Naumburg"]
[BlackTeam "Lappersdorf"]
[WhiteTeamCountry "GER"]
[BlackTeamCountry "GER"]

1. e4 e6 2. d4 d5 3. Nc3 dxe4 4. Nxe4 Nd7 5. Bd3 Ngf6 6. c3 Be7 7. Nf3 0-0 8. 0-0 b6 9. Re1 Bb7 10. Ng3 c5 11. Be3 Rc8 12. Qe2 Bxf3 13. Qxf3 cxd4 14. Bxd4 Bc5 15. Bxc5 Nxc5 16. Bc2 Qc7 17. Rad1 Rfd8 18. Nh5 Nxh5 19. Qxh5 h6 20. Rxd8+ Rxd8 21. h3 Rd2 22. Rc1 Rxf2 23. Kxf2 Qf4+ 24. Qf3 Qd2+ 25. Kg3 Qg5+ 26. Kh2 1-0

[Event "GER-chT U16"]
[Site "Naumburg"]
[Date "2010.12.28"]
[Round "4.3"]
[White "Lachmann, Daniel"]
[Black "Zwetz, Jasmin"]
[Result "1/2-1/2"]
[WhiteElo "1670"]
[BlackElo "1569"]
[PlyCount "62"]
[EventDate "2010.12.27"]
[EventType "team-swiss"]
[EventRounds "7"]
[EventCountry "GER"]
[SourceTitle "CBM 140 Extra"]
[Source "ChessBase"]
[SourceDate "2011.03.01"]
[SourceVersion "1"]
[SourceVersionDate "2011.03.01"]
[SourceQuality "1"]
[WhiteTeam "Berlin Empor"]
[BlackTeam "Lappersdorf"]
[WhiteTeamCountry "GER"]
[BlackTeamCountry "GER"]

1. Nf3 e6 2. g3 d5 3. Bg2 c5 4. 0-0 Nc6 5. d4 cxd4 6. Nxd4 Bd6 7. c4 Nge7 8. cxd5 exd5 9. Nc3 Be6 10. Nxe6 fxe6 11. Nb5 a6 12. Nxd6+ Qxd6 13. e3 0-0 14. b3 Rf7 15. Bb2 Raf8 16. Rc1 e5 17. Qg4 e4 18. h4 Ne5 19. Bxe5 Qxe5 20. Bh3 Qb2 21. Qd7 Kh8 22. Qxb7 Qxa2 23. Ra1 Qb2 24. Qxa6 Qxb3 25. Qa3 Qxa3 26. Rxa3 Rf6 27. Ra7 Nc6 28. Rd7 Rd8 29. Rc1 Rxd7 30. Bxd7 Ne7 31. Ra1 h6 1/2-1/2

[Event "Landesliga U20 Sued 1011"]
[Site "Bayern"]
[Date "2010.10.16"]
[Round "1.4"]
[White "Jekic, Miljan"]
[Black "Zwetz, Jasmin"]
[Result "0-1"]
[WhiteElo "1327"]
[BlackElo "1464"]
[PlyCount "68"]
[EventDate "2010.10.16"]
[EventType "team-tourn"]
[EventRounds "7"]
[EventCountry "GER"]
[SourceTitle "EXT 2022"]
[Source "ChessBase"]
[SourceDate "2021.10.06"]
[SourceVersion "1"]
[SourceVersionDate "2021.10.06"]
[SourceQuality "1"]
[WhiteTeam "Nittenau U20"]
[BlackTeam "Kareth Lappersdorf U20"]
[WhiteTeamCountry "GER"]
[BlackTeamCountry "GER"]

1. d4 e6 2. e3 c5 3. Bd3 Nc6 4. c3 Nf6 5. Nd2 d5 6. Ngf3 Bd7 7. 0-0 c4 8. Bc2 Bd6 9. Re1 0-0 10. e4 Ng4 11. e5 Be7 12. h3 Nh6 13. Nf1 Nf5 14. Ne3 Nh6 15. Nh2 f5 16. Nef1 g5 17. Qh5 Kg7 18. Re3 Be8 19. Qe2 f4 20. Rf3 Bh5 21. Bd2 Bxf3 22. Qxf3 Qe8 23. Ng4 Nf5 24. g3 fxg3 25. fxg3 Nh4 26. Qd1 Nf3+ 27. Kh1 Qh5 28. Qe2 Qxh3+ 29. Ngh2 Rf7 30. Be3 Raf8 31. Nd2 g4 32. Rf1 Nxd2 33. Rxf7+ Rxf7 34. Bxd2 Qxg3 0-1